| 000 | 01171cab a2200433 4500 | ||
|---|---|---|---|
| 001 | ABS59628 | ||
| 008 | 090401t1998 xxu||||| |||| 00| 0 eng d | ||
| 035 | _a(Sirsi) u89729 | ||
| 041 | _aeng | ||
| 245 | _aFocus `98: City of London, fringes and Docklands | ||
| 260 | _c1998 | ||
| 350 | _a0 | ||
| 490 |
_aEstates Gazette _v(9846) 14 November 1998, 79-131(25) |
||
| 650 | _aCANARY WHARF | ||
| 650 | _aCITY FRINGES | ||
| 650 | _aCITY OF LONDON | ||
| 650 | _aDOCKLANDS | ||
| 650 | _aHEIGHT | ||
| 650 | _aINVESTMENT | ||
| 650 | _aISLE OF DOGS | ||
| 650 | _aJUBILEE LINE | ||
| 650 | _aLEISURE DEVELOPMENTS | ||
| 650 | _aMAYOR OF LONDON | ||
| 650 | _aOFFICE DESIGN | ||
| 650 | _aOFFICE DEVELOPMENT | ||
| 650 | _aOFFICE SUPPLY | ||
| 650 | _aPATERNOSTER SQUARE | ||
| 650 | _aPLANNING CONTROLS | ||
| 650 | _aPORT OF LONDON AUTHORITY | ||
| 650 | _aPROPERTY INDUSTRY | ||
| 650 | _aRATEABLE VALUES | ||
| 650 | _aRENTAL GROWTH | ||
| 650 | _aRESIDENTIAL DEVELOPMENT | ||
| 650 | _aRESIDENTIAL USE | ||
| 650 | _aRETAIL DEVELOPMENTS | ||
| 690 | _aPROPERTY-COMMERCIAL PROPERTY-COMMERCIAL PROPERTY MARKET | ||
| 942 | _n0 | ||
| 948 | _c17/11/1998 | ||
| 999 |
_c56786 _d56786 |
||